|
|
|
|
| LEADER |
00984pam a22002538a 4500 |
| 001 |
00021147 |
| 005 |
20171026081025.0 |
| 008 |
110523s1985 ||||||Viesd |
| 041 |
0 |
# |
|a Vie
|
| 082 |
1 |
4 |
|a 891.78
|b XT100L
|
| 100 |
0 |
# |
|a Trui_cốp, Va_xi_li
|
| 245 |
0 |
0 |
|a Xta_lin_grát trận đánh của thế kỷ
|c Va_xi_li Trui_cốp; Nguyễn Hữu Thân, Trần Anh Tuấn
|
| 260 |
# |
# |
|a H.
|b Quân đội nhân dân
|c 1985
|
| 300 |
# |
# |
|a 458 tr.
|c 19 cm.
|
| 650 |
# |
4 |
|a Liên Xô
|
| 650 |
# |
4 |
|a Văn học hiện đại
|
| 653 |
# |
# |
|a Hồi ký
|
| 700 |
0 |
# |
|a Nguyễn Hữu Thân
|e dịch
|
| 700 |
0 |
# |
|a Trần Anh Tuấn
|e hiệu đính
|
| 852 |
# |
# |
|b Kho mượn
|j KM.0010550, KM.0011280, KM.0011215, KM.0011138
|
| 852 |
# |
# |
|b Kho đọc
|j KD.0006960
|
| 852 |
# |
# |
|j KM.0011138
|j KM.0011215
|j KD.0006960
|j KM.0010550
|j KM.0011280
|
| 910 |
0 |
# |
|a nhnam
|d 23/05/2011
|
| 980 |
# |
# |
|a Trung tâm Học liệu Lê Vũ Hùng, Trường Đại học Đồng Tháp
|